| 000 | 00896nam a22002537a 4500 | ||
|---|---|---|---|
| 005 | 20100813160727.0 | ||
| 010 | _aENG-100058 | ||
| 020 |
_a9788189781545 _c330.00 |
||
| 020 |
_a9789380599168 _c330.00 |
||
| 035 | _aEN-83590 | ||
| 037 | _bDBAD/PUB | ||
| 082 | _a510 | ||
| 100 |
_aMukherjee, Manabendra Nath _913297 |
||
| 245 |
_aRudiments of mathematics : _cby Manabendra Nath Mukherjee...[et.al] _bfor class XI / |
||
| 250 | _a6th ed | ||
| 260 |
_aKolkatta _bAcademic Publishers _c2010 |
||
| 270 |
_a5A Bhawani Dutta Lane _bKolkatta _e700073 |
||
| 300 | x |
_axxxii,939p.: _bill. _c24cm (pbk) _e1 CD-Rom |
|
| 700 |
_aMukhopadhyay, Parthasarathi _912936 |
||
| 700 |
_aRoy, Srimanta Sinha _912937 |
||
| 700 |
_aDasgupta, Sri Utpal _912938 |
||
| 942 |
_2ddc _cEN _h510 _mMUK |
||
| 999 |
_c41741 _d41741 |
||